000 01538cam a2200385 a 4500
001 EDZ0000064107
003 StDuBDS
005 20161031105144.0
006 m||||||||d||||||||
007 cr |||||||||||
008 120327s2001 enk fo| 001|0|eng d
020 _a9781446217788 (ebook) :
_cNo price
040 _aStDuBDS
_beng
_cStDuBDS
_epn
049 _aAlfaisal Main Library
050 0 _aJS3000
_b.J64 2001
082 0 4 _a352.14094
_223
100 1 _aJohn, Peter,
_d1960-
245 1 0 _aLocal governance in Western Europe
_h[electronic resource] /
_cPeter John.
260 _aLondon :
_bSAGE,
_c2001.
300 _a1 online resource (xii, 202 p.).
490 1 _aSAGE politics texts
504 _aIncludes bibliographical references and index.
520 8 _aThis work provides a comprehensive introduction to local government and urban politics in contemporary Western Europe. The author shows how local government institutions have been subject to change as a response to Europeanisation.
521 _aSpecialized.
588 _aDescription based on print version record.
650 0 _aLocal government
_zEurope, Western.
650 0 _aComparative government.
651 0 _aEurope, Western
_xPolitics and government
_y1989-
655 7 _aElectronic books.
_2local
710 2 _aSage eBooks
776 0 8 _iPrint version :
_z9780761956372
830 0 _aSAGE politics texts.
856 4 0 _uhttp://ezproxy.alfaisal.edu/login?url=http://sk.sagepub.com/books/local-governance-in-western-europe
942 _2lcc
_cEBOOKS
999 _c480527
_d480527